000
00281nam a22001217a 4500
008
160518b xxu||||| |||| 00| 0 eng d
020
_a
9781563636783
020
_a
9781563636786
041
_a
eng
080
_a
612.39
245
_a
PDR for herbal medicines:
_c
PDR;
942
_2
udc
_c
BK
999
_c
2213
_d
2213